Partition on cell particles and macromolecules

Bibliographic Details
Main Author: Albertsson, Per-Ake (Author)
Format: Book
Published: New York : John Wiley , c1986
Edition:3rd ed
Subjects:

MARC

LEADER 00000cam a2200000 7i4500
001 0000003606
005 20021231093000.0
008 021118s1986
020 |a 0471828203 
090 0 0 |a QH324.9.S4   |b A42 1986 
100 0 |a Albertsson, Per-Ake ,   |e author 
245 1 0 |a Partition on cell particles and macromolecules   |c Per-Ake Albertsson 
250 |a 3rd ed 
260 2 |a New York :   |b John Wiley ,   |c c1986 
300 |a 346 p. ;   |c 24 cm. 
504 |a Includes bibliographies and index 
650 0 |a Biopolymers   |x Separation 
650 0 |a Cell fractionation 
650 0 |a Phase rule and equilibrium 
650 0 |a Separation (Technology) 
999 |a 1000032584   |b Book   |c OPEN SHELF (30 DAYS)   |e Tembila Campus